skbl

Dr Suryya Kumar Bhuyan Library Web-OPAC
ডঃ সূৰ্য্য
কুমাৰ ভূঞা পুথিভঁৰাল ৱেব-অ'পেক

All Research Scholars are advised to clear the annual library fees to continue using Library Resources, Remote Access, Plagiarism Test and Library Clearance.

Cotton University Book Fair 2026

State Governors in India / (Record no. 17971)

MARC details
000 -LEADER
fixed length control field 00515nam a2200193Ia 4500
001 - CONTROL NUMBER
control field 17989
008 - FIXED-LENGTH DATA ELEMENTS--GENERAL INFORMATION
fixed length control field 171215s1966 ii g b000 u 465 u
082 ## - DEWEY DECIMAL CLASSIFICATION NUMBER
Classification number 320.954
100 ## - MAIN ENTRY--PERSONAL NAME
Personal name Prakasa, .
245 #0 - TITLE STATEMENT
Title State Governors in India /
Statement of responsibility, etc. Prakasa.
Medium Textual Documents
250 ## - EDITION STATEMENT
Edition statement 1st ed. /
260 ## - PUBLICATION, DISTRIBUTION, ETC.
Place of publication, distribution, etc. Meerut :
Name of publisher, distributor, etc. Meenakshi Prakashan ,
Date of publication, distribution, etc. 1966.
300 ## - PHYSICAL DESCRIPTION
Extent 95p. ;
Dimensions 18cm.
653 ## - INDEX TERM--UNCONTROLLED
Uncontrolled term Governors-India
653 ## - INDEX TERM--UNCONTROLLED
Uncontrolled term G-Political Science
653 ## - INDEX TERM--UNCONTROLLED
Uncontrolled term PG- T/PG
653 ## - INDEX TERM--UNCONTROLLED
Uncontrolled term T/G-Political Science
942 ## - ADDED ENTRY ELEMENTS (KOHA)
Source of classification or shelving scheme Dewey Decimal Classification
Koha item type Books
Holdings
Withdrawn status Lost status Damaged status Not for loan Home library Current library Date acquired Coded location qualifier Total checkouts Full call number Barcode Date last seen Copy number Price effective from Koha item type Collection Shelving location
        Dr. Suryya Kumar Bhuyan Library Dr. Suryya Kumar Bhuyan Library 01/02/2012 00000   320.954 P 884 St 67378 13/01/2024 4 01/02/2012 Books    
        Dr. Suryya Kumar Bhuyan Library Dr. Suryya Kumar Bhuyan Library 01/02/2012 00000   320.954 P 884 St 54977 13/01/2024 2 01/02/2012 Books    
        Dr. Suryya Kumar Bhuyan Library Dr. Suryya Kumar Bhuyan Library 01/02/2012 00000   320.954 P 884 St 54978 13/01/2024 1 01/02/2012 Books    
        Dr. Suryya Kumar Bhuyan Library Dr. Suryya Kumar Bhuyan Library 01/02/2012 00000   320.954 P 884 St 54979 13/01/2024 3 01/02/2012 Books    

Designed and Maintained by Team SKBL
©1901-2026

Powered by Koha